000 01258nam1a22002891 4500
001 rc\2885429
005 20110722123931.6
035 _a(NLR Aleph) 007038022
090 _a6069201
_c6069201
100 _a20110722d1930 |||y0rusy50 ca
101 0 _arus
102 _aRU
105 _ay z |||||
200 1 _aТехника нормировочной работы
_fЛ.М. Бурас
_gНКП РСФСР. Главпрофобр. Бюро заоч. курсов при Моск. текстильном ин-те. Курсы техн. нормирования
210 _a[Москва]
_cБюро заоч. курсов при МТИ
_d1930
_gтип. "Красный октябрь" Мосполиграфа
215 _d22х15 см
300 _aБез тит. л. и обл.
300 _aРед. коллегия: Л.М. Бурас, И.Н. Смирнов, М.С. Смирнов
702 1 _aБурас
_bЛ. М.
_4570
702 1 _aСмирнов
_bИ. Н.
_4340
702 1 _aСмирнов
_bМ. С.
_4340
710 0 2 _aМосковский текстильный институт
_bСектор заочного обучения
801 0 _aRU
_bNLR
_gpsbo
801 1 _aRU
_bELAR
_2rusmarc
852 _aNLR
_j30-18/233
942 _cBOOK
980 _aNB